| 000 | 00606nam a22002177a 4500 | ||
|---|---|---|---|
| 003 | KOHA_MİRAKIL | ||
| 005 | 20260424103025.0 | ||
| 008 | 260421b tu ||||| |||| 00| 0 tur d | ||
| 020 | _a9789759038304 | ||
| 040 |
_aTR-AnABB _btur _cTR-AnABB |
||
| 041 | _atur | ||
| 082 |
_a813.42 _bAZI 2011 |
||
| 100 | 0 | _aAziz Nesin | |
| 245 | 1 | 0 |
_aRıfat bey neden kaşınıyor / _cAziz Nesin |
| 250 | _a22. baskı | ||
| 260 |
_aİstanbul : _bNesin Yayıncılık, _c2011 |
||
| 300 |
_a168 sayfa ; _c20 cm |
||
| 650 | 0 | 4 | _aTürk edebiyatı, roman |
| 900 | _bCan ÇELIK | ||
| 942 |
_2ddc _cBK |
||
| 999 |
_c10327 _d10327 |
||